Diagnóstico quirúrgico / (Record no. 143842)

MARC details
000 -LEADER
campo de control de longitud fija 00551nam a2200169 4500
001 - NÚMERO DE CONTROL
campo de control 143842
003 - IDENTIFICADOR DE NÚMERO DE CONTROL
campo de control ES-MaACL
005 - FECHA Y HORA DE LA ÚLTIMA TRANSACCIÓN
campo de control 20230906200904.0
007 - CAMPO FIJO DE DESCRIPCIÓN FÍSICA--INFORMACIÓN GENERAL
campo de control de longitud fija t|
008 - DATOS DE LONGITUD FIJA--INFORMACIÓN GENERAL
campo de control de longitud fija 070214s1971 sp r ||||1| spa d
100 1# - ENTRADA PRINCIPAL--NOMBRE DE PERSONA
Nombre de persona Shackelford, Richard T.
9 (RLIN) 105976
245 10 - MENCIÓN DEL TÍTULO
Título Diagnóstico quirúrgico /
Mención de responsabilidad, etc. Richard T. Shackelford ; versión... F. Manuel Nogueras.
260 ## - PUBLICACIÓN, DISTRIBUCIÓN, ETC.
Lugar de publicación, distribución, etc. Barcelona [etc.] :
Nombre del editor, distribuidor, etc. Salvat,
Fecha de publicación, distribución, etc. 1971 (
Fabricante Imp. Hispano-Americana)
300 ## - DESCRIPCIÓN FÍSICA
Extensión 3 v. :
Otras características físicas il. ;
Dimensiones 26 cm.
700 1# - ENTRADA AGREGADA--NOMBRE PERSONAL
Nombre de persona Nogueras, Manuel.
9 (RLIN) 85882
852 ## - LOCALIZACIÓN
Ubicación ES-MaACL
Número de control de estantería C-37284-86
Sublocalización o colección R.78239
Holdings
Estatus retirado Estado de pérdida Estado de daño No para préstamo Biblioteca de origen Biblioteca actual Ubicación en estantería Fecha de adquisición Fuente de adquisición Total de préstamos Signatura topográfica completa Código de barras Visto por última vez Precio de reemplazo Tipo de ítem Koha
        Biblioteca del Ateneo de Madrid Biblioteca del Ateneo de Madrid Depósito 2 17/01/2008     C-37284-86 1149657 23/02/2023 23/02/2023 Libro impreso